00456nam a2200145Ia 4500008004100000020002200041082001700063100001900080245006100099250000600160260003300166300000800199500002700207650007600234120629s9999 xx 000 0 und d a978-970-686-544-1 a515.33 S849c aStewart, James aCálculo diferencial e integral / James Stewart  a2 aAustralia : Cengage Learning a577 aApéndices e índice a1. CALCULO DIFERENCIAL \ 2. CALCULO INTEGRAL \ 3. MATEMATICAS Ì